000 00801nam a2200253Ia 4500
003 OSt
005 20221005112653.0
006 a|||||r|||| 00| 0
007 ta
008 221004b |||||||| |||| 00| 0 pan d
020 _a9788173292477 (hbk)
_c240
024 _a104937
037 _b7830/IV, 31/01/2011, Arsee Publishers
_cTextual
040 _aCRL
_cCRL
_bpan
041 _2pan
_apan
082 _aO153,1:g, Q1
100 _aਵਨੀਤਾ
245 0 _aਰਚਨਾ ਦੀ ਚੱੁਪ ਤਕ
260 _aਦਿੱਲੀ
_bfਲਾਲੇਖ ਭਾਰਤ
_c2011
300 _a164ਪੰ
_ccm.
650 _aਪੰਜਾਬੀ ਸਾਹਿਤ
942 _hO153,1:g, Q1
_cTEXL
_2cc
999 _c1025608
_d1025608